|
|
|
|
| LEADER |
00000nab a2200000 ar4500 |
| 001 |
vtls009960709 |
| 003 |
SK-MaSNL |
| 005 |
20260305001833.0 |
| 008 |
240311c2009 xo wr|p|||||||000 b|slo |
| 015 |
|
|
|a SNBRB2009/10
|2 snkbucl
|
| 040 |
|
|
|a SNKBUCL
|b slo
|c SNKBUCL
|e AACR2
|
| 041 |
0 |
|
|a slo
|
| 044 |
|
|
|a xo
|c SK
|
| 080 |
|
|
|a 82:929:821.162.4
|2 2001
|
| 080 |
|
|
|a 821.162.4:929
|2 2001
|
| 080 |
|
|
|a 929 Hevier, Daniel
|2 2001
|
| 100 |
1 |
|
|a Čorná, Tina,
|d 1965-
|4 ivr
|4 aut
|9 241807
|
| 245 |
1 |
0 |
|a Kultúra je stály vpás barbarov
|c Tina Čorná, Daniel Hevier
|
| 300 |
|
|
|b Fotogr.
|
| 600 |
1 |
7 |
|a Hevier, Daniel,
|d 1955-
|t Kniha, ktorá sa stane
|2 snkbucl
|9 1281923
|
| 655 |
|
7 |
|a rozhovory
|2 snkbucl
|9 31831
|
| 700 |
1 |
|
|a Hevier, Daniel,
|d 1955-
|4 ive
|4 aut
|9 103400
|
| 773 |
0 |
|
|t Žurnál
|g Roč. III, č. 37 (2009), s. 36-[41]
|x 1337-219X
|
| 852 |
|
|
|a SNK
|b KIS3GCP
|
| 958 |
|
|
|a SK
|
| 958 |
|
|
|a BX
|
| 958 |
|
|
|a LX
|
| 999 |
|
|
|c 3221621
|d 3223551
|